00719nam a22002417a 450000100060000000300090000600500170001500700060003200800310003802000150006904000220008408200260010610000290013224500890016126000390025030000260028949000200031550000060033553400440034165000290038565000330041470000300044798042DO-SdBNP20241011124149.098042871214s1986 sp a 000 spa  a8476347812 aBPMSUbspacBPMSU 4a843.8bV531J 19862221 aVerne, Julio,d1828-190510aJulio Verne : bViaje alrededor de la luna /cJulio Verne ; traducción, D. J. Sala aBarcelona:bEditorial Orbis,c1986 a220 p.;bil.:c20 cm.0 aJulio Verne,v7 a  pTítulo original : tAutour de la lune 4aNovela juvenil francesa  4aLiteratura juvenil francesa 1 aSala, D. J.,etraductor